| Tag |
First Indicator |
Second Indicator |
Subfields |
| LEADER |
00000cam a2200000 a 4500 |
| 001 |
in00000557828 |
| 005 |
20151014054542.0 |
| 008 |
850111s1985 ctua 00110 eng d |
| 010 |
|
|
|a 84061000
|
| 019 |
|
|
|a 11577498
|
| 020 |
|
|
|a 091529902X
|
| 035 |
|
|
|a (OCoLC)11569966
|
| 035 |
|
|
|9 ACK5924AM
|
| 040 |
|
|
|a VYF
|c VYF
|d OCL
|d HBS
|d TXA
|d UtOrBLW
|
| 041 |
1 |
|
|a eng
|h jpn
|
| 049 |
|
|
|a TXAM
|c [A08323661]
|
| 090 |
|
|
|a HD31
|b .H373 1985
|
| 100 |
1 |
|
|a Hatakeyama, Yoshio,
|d 1924-
|
| 240 |
1 |
0 |
|a Kanrisha kakumei.
|l English
|
| 245 |
1 |
0 |
|a Manager revolution! :
|b a guide to survival in today's changing workplace /
|c Yoshio Hatakeyama ; preface by Norman Bodek.
|
| 264 |
|
1 |
|a Stamford, Conn. :
|b Productivity Press,
|c [1985]
|
| 264 |
|
4 |
|c ©1985
|
| 300 |
|
|
|a xviii, 180 pages :
|b illustrations ;
|c 24 cm.
|
| 336 |
|
|
|a text
|b txt
|2 rdacontent
|
| 337 |
|
|
|a unmediated
|b n
|2 rdamedia
|
| 338 |
|
|
|a volume
|b nc
|2 rdacarrier
|
| 500 |
|
|
|a Translation of Kanrisha kakumei.
|
| 500 |
|
|
|a Includes index.
|
| 650 |
|
0 |
|a Management.
|
| 650 |
|
0 |
|a Executives.
|
| 999 |
|
|
|a MARS
|
| 999 |
f |
f |
|s 4b13b934-9151-35fd-be50-5562cb4e32df
|i 430503c8-9150-3eba-b4e2-91c7c7e046a7
|t 0
|
| 952 |
f |
f |
|p ric
|a Texas A&M University
|b Rellis Campus
|c Joint Library Facility
|d Remote Storage
|t 0
|e HD31 .H373 1985
|h Library of Congress classification
|i unmediated -- volume
|m A14808323661
|
| 998 |
f |
f |
|a HD31 .H373 1985
|t 0
|l Remote Storage
|